Consider Horbury (Record no. 76658)
[ view plain ]
| 000 -LEADER | |
|---|---|
| fixed length control field | 00693cab a2200181 4500 |
| 001 - CONTROL NUMBER | |
| control field | ##L132846 |
| 008 - FIXED-LENGTH DATA ELEMENTS--GENERAL INFORMATION | |
| fixed length control field | 060314n2006 000 0 eng u |
| 035 ## - SYSTEM CONTROL NUMBER | |
| System control number | (Sirsi) u132846 |
| 041 0# - LANGUAGE CODE | |
| Language code of text/sound track or separate title | eng |
| 100 1# - MAIN ENTRY--PERSONAL NAME | |
| Personal name | Balls, Ed |
| 245 00 - TITLE STATEMENT | |
| Title | Consider Horbury |
| 260 ## - PUBLICATION, DISTRIBUTION, ETC. | |
| Date of publication, distribution, etc. | 2006 |
| 490 #0 - SERIES STATEMENT | |
| Series statement | Building |
| Volume/sequential designation | 271(8421) 10 March 2006, 35(1) |
| 520 ## - SUMMARY, ETC. | |
| Summary, etc. | The author, who is a MP, argues that CABE is correct to insist on high design standards for both conventional and PFI procurement models. Cites examples of both good and bad public sector design in his constituency. |
| 650 24 - SUBJECT ADDED ENTRY--TOPICAL TERM | |
| Topical term or geographic name entry element | COMMISSION FOR ARCHITECTURE AND THE BUILT ENVIRONMENT |
| 690 ## - LOCAL SUBJECT ADDED ENTRY--TOPICAL TERM (OCLC, RLIN) | |
| Topical term or geographic name as entry element | BUILT ENVIRONMENT-CONSTRUCTION DESIGN |
| 942 ## - ADDED ENTRY ELEMENTS (KOHA) | |
| Suppress in OPAC | 0 |
| Withdrawn status | Lost status | Source of classification or shelving scheme | Damaged status | Not for loan | Home library | Current library | Shelving location | Date acquired | Total Checkouts | Full call number | Barcode | Date last seen | Copy number | Price effective from | Koha item type |
|---|---|---|---|---|---|---|---|---|---|---|---|---|---|---|---|
| Dewey Decimal Classification | London | London | Journal article | 14/03/2006 | L132846 | 132846-1001 | 06/08/2019 | 1 | 06/08/2019 | Journal article |